Líderes y educadores : el maestro, creador de una nueva sociedad.

Kaydedildi:
Detaylı Bibliyografya
Yazar: Casares Arrangoíz, David (autor)
Materyal Türü: Kitap
Dil:İspanyolca
Seri Bilgileri:(Educación y pedagógica)
Konular:
Etiketler: Etiketle
Etiket eklenmemiş, İlk siz ekleyin!

MARC

LEADER 00000cam^a2200000uu^4500
001 000468578
005 20250521000000.0
008 050901s2000^^^^^^^^^^^^rd^r^^000^0^spa^d
009 20260310124515.226
022 |a 968165708X 
035 |a FCE 000011314 
035 |a FCE 034342 
037 |a Acervo ITESO - Biblioteca 
041 |a spa 
082 0 4 |a 371.141  |b CASl 
100 |a Casares Arrangoíz, David  |e (autor) 
245 1 0 |a Líderes y educadores :  |b el maestro, creador de una nueva sociedad. 
264 |a México :  |b EDUVM : FCE,  |c 2000. 
300 |a 155 p. 
336 |a texto  |b txt  |2 rdacontenido 
337 |a sin mediación  |b n  |2 rdamedio 
338 |a volumen  |b nc  |2 rdasoporte 
440 0 |a (Educación y pedagógica) 
649 |a XX 
650 |a Cambio de la educación 
650 |a Perspectivas 
650 |a Educación 
650 |a Papel del docente 
650 |a Educadores 
650 |a Educación integral 
650 |a Formación de líderes 
650 |a Perfil del profesor 
650 |a Modelos educativos 
650 |a México 
910 |a Fondo Centro de Estudios Educativos 
920 |a Impresos - Libros 
930 |a Fondos Especiales 
905 |a 133 
901 |a ALE034342  |b IT2  |c CEE  |u 20250521 
902 |a https://opac.biblio.iteso.mx/vufind/Record/000468578